| 000 | 00760nam a22002417a 4500 | ||
|---|---|---|---|
| 999 |
_c9576 _d9576 |
||
| 003 | AR-CdUCM | ||
| 008 | 190328b ||||| |||| 00| 0 spa d | ||
| 020 | _a978-612-4299-39-1 | ||
| 040 |
_aMUNICIPALIDAD PROVINCIAL DEL CUSCO _cBIBLIOTECA MUNICIPAL DEL CUSCO |
||
| 041 | _heng | ||
| 082 |
_aEP / 818.5 _bM12 |
||
| 100 |
_aMcCoy, Glenn _925874 |
||
| 245 | _a¡No funciona la tele! / | ||
| 260 |
_aLima : _bSantillana, _bLoqueleo, _c2016. |
||
| 300 |
_a37 páginas ; _bilustraciones a color, _c19 cm. |
||
| 500 | _aTítulo original: Penny Lee and her TV. | ||
| 650 |
_aCuentos infantiles estadounidenses _925875 |
||
| 650 |
_aNarrativa _967 |
||
| 650 |
_aSiglo XX _98 |
||
| 700 |
_aAzaola, Miguel (Traductor) _94852 |
||
| 942 |
_2ddc _cLIBROS |
||
| 945 | _araen | ||